| 000 | 01184cam a22003377a 4500 | ||
|---|---|---|---|
| 003 | CHAP | ||
| 005 | 20220329142410.0 | ||
| 008 | 001122d2000 mx ad r 00110 esp d | ||
| 010 | _a82909 | ||
| 011 | _a83881 | ||
| 020 | _a9701502132 | ||
| 035 | _a94400 | ||
| 040 | _cCHAP | ||
| 082 | 0 | 4 |
_a370.15 _bB4 |
| 100 | 0 | 0 |
_aBeltrán Llera, Jesús _b,ed. _911457 |
| 245 | 1 | 0 |
_aPsicología de la educación _c/ed. por Jesús Beltrán Llera y José A. Bueno Álvarez |
| 260 |
_aMéxico, D.F. : _bAlfaomega, _c1997. |
||
| 300 |
_a653 p. : _bilus. ; tablas ; diagramas |
||
| 590 |
_aBATCH-UPD _b10 _c20130110 _lUCH01 _h0629 |
||
| 590 |
_aBATCH-UPD _b10 _c20130410 _lUCH01 _h0313 |
||
| 590 |
_aBATCH-UPD _b10 _c20130914 _lUCH01 _h0558 |
||
| 590 |
_aCONVERSION _b10 _c20130109 _lUCH01 _h1346 |
||
| 650 | 1 | 4 |
_aEducación _xPsicología. _935475 |
| 650 | 1 | 4 |
_aPsicología pedagógica. _992615 |
| 700 | 0 |
_aBueno Álvarez, José A. _915966 |
|
| 901 | _aBK | ||
| 905 | _aMarco A. Mendoza T. | ||
| 942 | _cLIBRO | ||
| 949 |
_a370.15 B4 _bBC _cLIBRO _d33724000785101 _eLIBRO _gI.208354 _h99133 _i94400 _si _t$168.30 |
||
| 949 |
_a370.15 B4 _bBC _cLIBRO _d33724000845053 _eLIBRO _fc.2 _gI. c/e _h101936 _i94400 _si _t$198.00 |
||
| 999 |
_c82909 _d82909 |
||